Normal view
MARC view
Entry Personal Name
001 - CONTROL NUMBER
- control field: 8516
003 - CONTROL NUMBER IDENTIFIER
- control field: BD-RjUL
005 - DATE AND TIME OF LATEST TRANSACTION
- control field: 20230824101318.0
008 - FIXED-LENGTH DATA ELEMENTS
- fixed length control field: 230824|| aca||aabn | a|a d
040 ## - CATALOGING SOURCE
- Original cataloging agency: BD-RjUL
- Transcribing agency: BD-RjUL
100 ## - HEADING--PERSONAL NAME
- Personal name: ইসলাম, মো. রফিকুল
670 ## - SOURCE DATA FOUND
- Source citation: Work cat.: (BD-RjUL)81758: ইসলাম, মো. রফিকুল, বাংলাদেশে দর্শনচর্চার গতিপ্রকৃতি ও সমকালীন চিন্তন বিশ্লেষণ /, ২০০২